Tensiones en el estado burocrático-autoritario y la cuestión de la democracia

محفوظ في:
التفاصيل البيبلوغرافية
المؤلف الرئيسي: O'Donnell, Guillermo
التنسيق: نص
منشور في: Buenos Aires: CEDES
الموضوعات:
الوسوم: إضافة وسم
لا توجد وسوم, كن أول من يضع وسما على هذه التسجيلة!

MARC

LEADER 00000 a a2200000 04500
001 15566
003
040
090 |a 029600  
100 |a O'Donnell, Guillermo  
245 |a Tensiones en el estado burocrático-autoritario y la cuestión de la democracia  
260 |a Buenos Aires:   |b CEDES  
300 |a 31 p.  
650 |a ESTADO  
650 |a DEMOCRACIA  
999 |c 12230  |d 12230